| 000 | 00740nam a2200181 i 4500 | ||
|---|---|---|---|
| 001 | 98504 | ||
| 003 | ES-MaACL | ||
| 005 | 20250831121728.0 | ||
| 007 | t| | ||
| 008 | 030107s1886 sp ||||1| spa d | ||
| 110 | 2 |
_aAsociación para la Reforma de los Aranceles de Aduanas _91779 |
|
| 245 | 1 | 0 |
_aMeeting librecambista celebrado en el Teatro de la Alhambra el día 13 de junio de 1886 _b: [tema: Prórroga de los tratados de comercio y convenio con Inglaterra] / _cAsociación para la Reforma de los Aranceles de Aduanas. |
| 260 |
_aMadrid : _b[s.n.], _c1886 ( _fImp. E. de la Riva) |
||
| 300 |
_a53 p. ; _c21 cm. |
||
| 710 | 2 |
_aTeatro de la Alhambra (Granada) _96919 |
|
| 852 |
_aES-MaACL _jT-468-F-19 |
||
| 999 |
_c98504 _d98504 |
||